000 00977pam a22002895a 4500
001 13711737
003 NUST - PNEC
005 20170116180915.0
008 040907s2002 enka 001 0 eng
020 _a0750656433
035 _a(OCoLC)ocm49593904
040 _cLIBRARY
082 0 4 _a620.11 BOL
_221
100 1 _aBolton, W.
_q(William),
_d1933-
245 1 0 _aTechnology of engineering materials
_cMathew Philip, Bill Bolton.
260 _aOxford :
_bButterworth-Heinemann,
_c2002.
300 _aviii, 471 p. :
_bill. ;
_c27 cm.
440 0 _aIIE core textbook series
504 _aIncludes index.
650 0 _aMaterials.
700 1 _aPhilip, Mathew.
856 4 1 _3Table of contents
_uhttp://www.loc.gov/catdir/toc/els051/2004315767.html
856 4 2 _3Publisher description
_uhttp://www.loc.gov/catdir/description/els051/2004315767.html
906 _a0
_bibc
_ccopycat
_d2
_encip
_f20
_gy-gencatlg
942 _2ddc
_cBK
999 _c65450
_d65450